000 00248nam a2200109Ia 4500
008 220204s9999 xx 000 0 und d
082 _a82-3
_bBRA
100 _aBrand, Max
245 4 _aThe Guntamer
260 _aNew York
_bPocket
_c1956
942 _cBK
999 _c32110
_d32110